Bollywood King - 4 - Statistics

General Stats
  • This quiz has been taken 375 times
  • The average score is 10 of 10
Answer Stats
Hint Answer % Correct
Phir Hera Pheri Comedy
99%
Namastey London Romance
98%
B.A. Pass Adult
97%
Grand Masti Adult
97%
Nasha Adult
97%
Badlapur Boys Sports
97%
Iqbal Sports
97%
Race Action
96%
Queen Adventure
96%
Life of PI Adventure
96%
No matching quizzes found
Score Distribution
Percent of People with Each Score
Percentile by Number Answered
Your Score History
You have not taken this quiz